[Event "Brno op 2nd"]
[Site "Brno"]
[Date "2011.11.16"]
[Round "6"]
[White "Kubicek, Pavel"]
[Black "Van Vliet, Dennis"]
[Result "0-1"]
[WhiteElo "1972"]
[BlackElo "2103"]
[PlyCount "71"]
[EventDate "2011.11.12"]
[EventType "swiss"]
[EventRounds "9"]
[EventCountry "CZE"]
[SourceTitle "EXT 2012"]
[Source "ChessBase"]
[SourceDate "2011.11.24"]
[SourceVersion "1"]
[SourceVersionDate "2011.11.24"]
[SourceQuality "1"]

1. e4 e6 2. d4 d5 3. e5 c5 4. c3 Qb6 5. Nf3 Nc6 6. Be2 Nh6 7. b3 cxd4 8. cxd4 Bb4+ 9. Kf1 Nf5 10. Bb2 Be7 11. g4 Nh6 12. Rg1 f6 13. g5 fxg5 14. Nxg5 0-0 15. Bd3 Nf5 16. Bxf5 Rxf5 17. Nf3 Bd7 18. Rg3 Raf8 19. Kg2 Be8 20. Nbd2 Bh5 21. Qg1 Bb4 22. Rf1 Bxd2 23. Nxd2 Nxd4 24. f4 Ne2 25. Qxb6 axb6 26. Ba3 Ra8 27. Nb1 Nxg3 28. hxg3 Rc8 29. Rf2 g5 30. Be7 gxf4 31. gxf4 Bg6 32. Na3 Rf7 33. Bb4 Rc1 34. Kh3 Rc8 35. Bd2 Ra8 36. Kh2 0-1

[Event "Brno Duras op-A"]
[Site "Brno"]
[Date "2011.07.02"]
[Round "9"]
[White "Kopecek, Ivan"]
[Black "Kubicek, Pavel"]
[Result "1-0"]
[WhiteElo "2001"]
[BlackElo "1944"]
[PlyCount "43"]
[EventDate "2011.06.25"]
[EventType "swiss"]
[EventRounds "9"]
[EventCountry "CZE"]
[SourceTitle "CBM 143 Extra"]
[Source "ChessBase"]
[SourceDate "2011.08.29"]
[SourceVersion "1"]
[SourceVersionDate "2011.08.29"]
[SourceQuality "1"]

1. d4 Nf6 2. Nc3 e6 3. Bf4 d5 4. e3 Bb4 5. Bd3 Nbd7 6. Nge2 c5 7. dxc5 Nxc5 8. a3 Nxd3+ 9. Qxd3 Bd6 10. 0-0-0 Bxf4 11. Nxf4 Bd7 12. e4 Qc7 13. Qg3 Rc8 14. exd5 Ne4 15. dxe6 Nxg3 16. exd7+ Kd8 17. hxg3 Rb8 18. Rhe1 Qc5 19. Ne4 Qc4 20. Nd6 Qa2 21. Nxf7+ Kc7 22. Nd5+ 1-0

[Event "Brno Duras op-A"]
[Site "Brno"]
[Date "2011.06.28"]
[Round "5"]
[White "Kubicek, Pavel"]
[Black "Mazoch, Jiri"]
[Result "0-1"]
[WhiteElo "1944"]
[BlackElo "2075"]
[PlyCount "82"]
[EventDate "2011.06.25"]
[EventType "swiss"]
[EventRounds "9"]
[EventCountry "CZE"]
[SourceTitle "CBM 143 Extra"]
[Source "ChessBase"]
[SourceDate "2011.08.29"]
[SourceVersion "1"]
[SourceVersionDate "2011.08.29"]
[SourceQuality "1"]

1. e4 c5 2. Nc3 d6 3. f4 Nc6 4. Nf3 g6 5. Bc4 Bg7 6. 0-0 e6 7. d3 Nge7 8. a3 0-0 9. Rb1 a6 10. Ne2 b5 11. Bb3 Bb7 12. Ng3 d5 13. c4 dxc4 14. dxc4 Na5 15. Qc2 Nxb3 16. Qxb3 Qb6 17. Be3 Nc6 18. cxb5 axb5 19. e5 Na5 20. Qc2 Nc4 21. Bf2 Rfc8 22. Ne4 Bd5 23. Nf6+ Bxf6 24. exf6 Qc6 25. Ne5 Nxe5 26. fxe5 Bxg2 27. Rfe1 Bh3 28. Bh4 Ra4 29. Bg3 Rc4 30. Qd2 Rd4 31. Qf2 Rcd8 32. Re2 Rd1+ 33. Re1 Rxb1 34. Rxb1 Rd4 35. Qe2 Qd5 36. Be1 Rg4+ 37. Bg3 Re4 38. Qc2 Rd4 39. Be1 Qxe5 40. Rd1 Qe3+ 41. Bf2 Rg4+ 0-1

[Event "Brno op 1st"]
[Site "Brno"]
[Date "2010.11.17"]
[Round "6"]
[White "Kubicek, Pavel"]
[Black "Collins, Alan"]
[Result "1/2-1/2"]
[WhiteElo "1990"]
[BlackElo "1849"]
[PlyCount "106"]
[EventDate "2010.11.14"]
[EventType "swiss"]
[EventRounds "9"]
[EventCountry "CZE"]
[SourceTitle "EXT 2011"]
[Source "ChessBase"]
[SourceDate "2010.11.26"]
[SourceVersion "1"]
[SourceVersionDate "2010.11.26"]
[SourceQuality "1"]

1. e4 d5 2. exd5 Qxd5 3. Nf3 Nf6 4. Be2 Bf5 5. Nc3 Qa5 6. b4 Qb6 7. 0-0 c6 8. Rb1 e6 9. Na4 Qc7 10. Bb2 Nbd7 11. Re1 b5 12. Nc3 Bd6 13. h3 0-0 14. Nd4 Bg6 15. Bf3 Nd5 16. a3 N7f6 17. Ne4 Nxe4 18. Bxe4 a6 19. Rc1 Bxe4 20. Rxe4 c5 21. bxc5 Qxc5 22. c4 bxc4 23. Nf3 Qc7 24. Rcxc4 Qe7 25. Qc2 f5 26. Re1 Bxa3 27. Bxa3 Qxa3 28. Rxe6 Nb4 29. Qc3 Qxc3 30. dxc3 Nd5 31. Rcc6 a5 32. c4 Nf4 33. Re7 Rf7 34. Rxf7 Kxf7 35. Ne5+ Ke7 36. c5 a4 37. Rd6 a3 38. Nc6+ Ke8 39. Rd1 Rc8 40. Re1+ Kf8 41. Ne5 Rc7 42. c6 Ng6 43. Nxg6+ hxg6 44. Ra1 Rxc6 45. Rxa3 Kf7 46. f4 Kf6 47. h4 Re6 48. Kf2 Kf7 49. Kf3 Kg8 50. Ra7 Kh7 51. g4 Rc6 52. Kg2 Rc2+ 53. Kf3 Rc3+ 1/2-1/2

[Event "Brno op 1st"]
[Site "Brno"]
[Date "2010.11.15"]
[Round "2"]
[White "Kubicek, Pavel"]
[Black "Hantak, Adam"]
[Result "1/2-1/2"]
[WhiteElo "1990"]
[BlackElo "2200"]
[PlyCount "106"]
[EventDate "2010.11.14"]
[EventType "swiss"]
[EventRounds "9"]
[EventCountry "CZE"]
[SourceTitle "EXT 2011"]
[Source "ChessBase"]
[SourceDate "2010.11.26"]
[SourceVersion "1"]
[SourceVersionDate "2010.11.26"]
[SourceQuality "1"]

1. e4 e5 2. Nf3 Nc6 3. Nc3 Nf6 4. Be2 Be7 5. d4 Nxd4 6. Nxd4 exd4 7. Qxd4 d6 8. 0-0 0-0 9. Be3 Ng4 10. Bxg4 Bxg4 11. h3 Bd7 12. Nd5 Re8 13. c4 Bf8 14. Rad1 b6 15. f4 Bc6 16. f5 Bxd5 17. exd5 Be7 18. Rde1 Bf6 19. Qd2 Re4 20. b3 Qd7 21. g4 Bh4 22. Bf2 Bxf2+ 23. Kxf2 Rae8 24. Rxe4 Rxe4 25. Re1 Rxe1 26. Qxe1 h6 27. Qe3 Qd8 28. Kg3 Kf8 29. h4 Qf6 30. Qf3 a5 31. a4 Qe5+ 32. Qf4 Qa1 33. Qf3 Qg1+ 34. Kh3 Qe1 35. g5 Qd2 36. g6 Qd4 37. Kg3 Qf6 38. gxf7 Kxf7 39. Qh5+ Ke7 40. Qg4 Qc3+ 41. Kg2 Qc2+ 42. Kh1 Qc1+ 43. Kg2 Qd2+ 44. Kf1 Qd3+ 45. Kf2 Qc2+ 46. Kf1 Kd8 47. Qf3 Kc8 48. Kg1 Kb8 49. Kh1 Qb2 50. Kg1 Kc8 51. Qe4 Qc1+ 52. Kf2 Qd2+ 53. Kg3 Qc3+ 1/2-1/2

[Event "Brno Trade op"]
[Site "Brno"]
[Date "2010.08.29"]
[Round "9"]
[White "Kubicek, Pavel"]
[Black "Dvorak, Adam"]
[Result "1/2-1/2"]
[WhiteElo "1998"]
[BlackElo "1851"]
[PlyCount "106"]
[EventDate "2010.08.22"]
[EventType "swiss"]
[EventRounds "9"]
[EventCountry "CZE"]
[SourceTitle "CBM 138 Extra"]
[Source "ChessBase"]
[SourceDate "2010.10.29"]
[SourceVersion "1"]
[SourceVersionDate "2010.10.29"]
[SourceQuality "1"]

1. Nf3 c5 2. g3 Nf6 3. Bg2 e6 4. c4 Be7 5. Nc3 Nc6 6. d4 cxd4 7. Nxd4 0-0 8. Bf4 a6 9. 0-0 Nxd4 10. Qxd4 d6 11. Qd2 Qc7 12. b3 Rd8 13. Rac1 e5 14. Bg5 Be6 15. Bxf6 Bxf6 16. Bd5 Qd7 17. Ne4 Be7 18. Rfd1 Rac8 19. Nc3 g6 20. Na4 Bxd5 21. Qxd5 Qc6 22. Nc3 Kg7 23. e4 h5 24. Kg2 Bg5 25. Rc2 b5 26. h4 Bh6 27. Qxc6 Rxc6 28. Nd5 bxc4 29. bxc4 Rdc8 30. Ne7 Rxc4 31. Rxc4 Rxc4 32. Rxd6 Ra4 33. Kf3 Ra3+ 34. Kg2 Rxa2 35. Rd3 a5 36. Nc6 a4 37. Nxe5 a3 38. Nc4 Bc1 39. Rc3 Ra1 40. Rc2 Bh6 41. Kf3 Kf6 42. Ke2 a2 43. Kf3 Rc1 44. Rxa2 Rxc4 45. Ra6+ Ke5 46. Ra5+ Ke6 47. Ra6+ Kd7 48. Rf6 Ke7 49. Ra6 Rd4 50. Ra3 f6 51. Ra7+ Rd7 52. Ra3 Rb7 53. Ke2 Rb2+ 1/2-1/2

[Event "Brno Trade op"]
[Site "Brno"]
[Date "2010.08.27"]
[Round "7"]
[White "Kubicek, Pavel"]
[Black "Musil, Jiri"]
[Result "0-1"]
[WhiteElo "1998"]
[BlackElo "1929"]
[PlyCount "86"]
[EventDate "2010.08.22"]
[EventType "swiss"]
[EventRounds "9"]
[EventCountry "CZE"]
[SourceTitle "CBM 138 Extra"]
[Source "ChessBase"]
[SourceDate "2010.10.29"]
[SourceVersion "1"]
[SourceVersionDate "2010.10.29"]
[SourceQuality "1"]

1. e4 c5 2. Nf3 Nc6 3. Bc4 d6 4. c3 Nf6 5. d3 g6 6. Bf4 Bg7 7. 0-0 0-0 8. Nbd2 a6 9. a4 Rb8 10. d4 b5 11. Bd5 Nh5 12. Bg5 Bb7 13. dxc5 dxc5 14. Nb3 c4 15. Nc5 Qc7 16. Nxb7 Rxb7 17. axb5 axb5 18. Nd4 Bxd4 19. cxd4 e6 20. Bxc6 Qxc6 21. g4 Ng7 22. e5 Rd7 23. f3 Qd5 24. Be3 f5 25. exf6 Rxf6 26. Ra6 Ne8 27. h4 e5 28. Rxf6 Nxf6 29. Bg5 Ne8 30. Re1 Ng7 31. Re4 exd4 32. Bf6 d3 33. Qd2 Ne6 34. h5 Rf7 35. g5 gxh5 36. Re5 Qd4+ 37. Kf1 Rxf6 38. gxf6 Qxe5 39. Qg2+ Qg5 40. Qh3 Qc1+ 41. Kf2 Qxb2+ 42. Kg3 Qxf6 43. Qxe6+ Qxe6 0-1

[Event "Brno Trade op"]
[Site "Brno"]
[Date "2010.08.26"]
[Round "6"]
[White "Meduna, Eduard"]
[Black "Kubicek, Pavel"]
[Result "0-1"]
[WhiteElo "1842"]
[BlackElo "1998"]
[PlyCount "46"]
[EventDate "2010.08.22"]
[EventType "swiss"]
[EventRounds "9"]
[EventCountry "CZE"]
[SourceTitle "CBM 138 Extra"]
[Source "ChessBase"]
[SourceDate "2010.10.29"]
[SourceVersion "1"]
[SourceVersionDate "2010.10.29"]
[SourceQuality "1"]

1. e4 e6 2. d4 d5 3. exd5 exd5 4. Ne2 Bd6 5. Bf4 Nf6 6. Bxd6 Qxd6 7. Ng3 Qb4+ 8. c3 Qxb2 9. Qe2+ Qxe2+ 10. Bxe2 0-0 11. 0-0 b6 12. Bf3 Ba6 13. Re1 Nc6 14. Na3 Rae8 15. Nc2 Bc4 16. Ne3 Na5 17. Ngf5 Bd3 18. Rad1 Be4 19. Nxd5 Nxd5 20. Rxe4 Rxe4 21. Bxe4 Nxc3 22. Re1 Re8 23. Ng3 Kf8 0-1

[Event "Brno Trade op"]
[Site "Brno"]
[Date "2010.08.25"]
[Round "5"]
[White "Kubicek, Pavel"]
[Black "Turza, Pavel"]
[Result "1-0"]
[WhiteElo "1998"]
[BlackElo "1811"]
[PlyCount "97"]
[EventDate "2010.08.22"]
[EventType "swiss"]
[EventRounds "9"]
[EventCountry "CZE"]
[SourceTitle "CBM 138 Extra"]
[Source "ChessBase"]
[SourceDate "2010.10.29"]
[SourceVersion "1"]
[SourceVersionDate "2010.10.29"]
[SourceQuality "1"]

1. e4 e5 2. Nf3 Nc6 3. d4 d6 4. dxe5 dxe5 5. Qxd8+ Kxd8 6. Nc3 f6 7. Be3 a6 8. 0-0-0+ Bd6 9. Nd5 Bd7 10. Nb6 cxb6 11. Rxd6 Kc7 12. Rd2 Be6 13. Be2 Nge7 14. Rhd1 Rhd8 15. b3 Rxd2 16. Nxd2 Rd8 17. c3 h6 18. h4 f5 19. f3 f4 20. Bf2 h5 21. Kc2 Rg8 22. Bc4 Bxc4 23. Nxc4 Nc8 24. g3 g5 25. hxg5 Rxg5 26. gxf4 exf4 27. Bh4 Rg2+ 28. Rd2 Rxd2+ 29. Kxd2 b5 30. Nb2 Ne5 31. Ke2 Ng6 32. Bg5 Nd6 33. Nd3 Nf7 34. Bxf4+ Nxf4+ 35. Nxf4 h4 36. Nh3 Nd6 37. Ke3 Kc6 38. f4 Kc5 39. f5 Nf7 40. Kf4 Kd6 41. Kg4 a5 42. Kxh4 Ke5 43. Ng5 Nd6 44. Kg4 a4 45. Kf3 b4 46. cxb4 axb3 47. axb3 Nb5 48. Ke3 Nc7 49. Nf3+ 1-0

[Event "Brno Trade op"]
[Site "Brno"]
[Date "2010.08.24"]
[Round "4"]
[White "Benes, Miroslav"]
[Black "Kubicek, Pavel"]
[Result "1-0"]
[WhiteElo "1950"]
[BlackElo "1998"]
[PlyCount "63"]
[EventDate "2010.08.22"]
[EventType "swiss"]
[EventRounds "9"]
[EventCountry "CZE"]
[SourceTitle "CBM 138 Extra"]
[Source "ChessBase"]
[SourceDate "2010.10.29"]
[SourceVersion "1"]
[SourceVersionDate "2010.10.29"]
[SourceQuality "1"]

1. c4 e6 2. Nc3 c5 3. g3 Nc6 4. Bg2 Nf6 5. e4 d6 6. Nge2 e5 7. d3 Be7 8. 0-0 Nd4 9. Nxd4 cxd4 10. Ne2 0-0 11. b4 Bd7 12. a4 a6 13. a5 b5 14. axb6 Qxb6 15. Bd2 Ra7 16. Qc2 Bg4 17. f3 Be6 18. Kh1 Rc8 19. Ra3 d5 20. c5 Qc6 21. f4 dxe4 22. fxe5 Ng4 23. Nxd4 Qd7 24. Nxe6 exd3 25. Rxd3 Qxe6 26. Bd5 Qxe5 27. Rxf7 Kh8 28. Bc3 Qg5 29. Bxg7+ Qxg7 30. Rxg7 Kxg7 31. Qe2 h5 32. Be6 1-0

[Event "Brno Trade op"]
[Site "Brno"]
[Date "2010.08.22"]
[Round "2"]
[White "Meszaros, Ludek"]
[Black "Kubicek, Pavel"]
[Result "1-0"]
[WhiteElo "2235"]
[BlackElo "1998"]
[PlyCount "99"]
[EventDate "2010.08.22"]
[EventType "swiss"]
[EventRounds "9"]
[EventCountry "CZE"]
[SourceTitle "CBM 138 Extra"]
[Source "ChessBase"]
[SourceDate "2010.10.29"]
[SourceVersion "1"]
[SourceVersionDate "2010.10.29"]
[SourceQuality "1"]

1. e4 e6 2. d3 c5 3. g3 d5 4. Nd2 Nc6 5. Bg2 Nf6 6. Ngf3 dxe4 7. dxe4 e5 8. 0-0 Bg4 9. c3 Be7 10. Re1 0-0 11. Qc2 Qc7 12. Nf1 Rad8 13. Bg5 b5 14. Ne3 Be6 15. Bxf6 Bxf6 16. b3 c4 17. Bf1 cxb3 18. axb3 Qb6 19. Red1 Be7 20. Nd5 Qb7 21. Qa2 Bc5 22. Qa6 Rb8 23. b4 Qxa6 24. Rxa6 Bb6 25. Bxb5 Bg4 26. Kg2 Nd8 27. Nxb6 axb6 28. Rd6 Bxf3+ 29. Kxf3 f5 30. Bc4+ Kh8 31. Raxb6 Rc8 32. Bd3 fxe4+ 33. Kxe4 Nf7 34. c4 Nxd6+ 35. Rxd6 Rxf2 36. c5 Rb2 37. c6 Kg8 38. Kxe5 Kf8 39. Kd5 Rd2 40. Kc5 Ke7 41. Rd7+ Kf6 42. b5 Re8 43. Rd6+ Ke5 44. Rd5+ Kf6 45. c7 Rd1 46. b6 Rc1+ 47. Bc4 Re4 48. Rd4 Re5+ 49. Kd6 Rb1 50. Rf4+ 1-0

[Event "CZE-chT2E 0910"]
[Site "Czech Republic"]
[Date "2010.03.28"]
[Round "10.5"]
[White "Sudrich, Radek"]
[Black "Kubicek, Pavel"]
[Result "1/2-1/2"]
[WhiteElo "2099"]
[BlackElo "2031"]
[PlyCount "48"]
[EventDate "2009.10.18"]
[EventType "team-tourn"]
[EventRounds "11"]
[EventCountry "CZE"]
[SourceTitle "EXT 2012"]
[Source "ChessBase"]
[SourceDate "2011.11.24"]
[SourceVersion "1"]
[SourceVersionDate "2011.11.24"]
[SourceQuality "1"]
[WhiteTeam "Holesov"]
[BlackTeam "Orechov"]
[WhiteTeamCountry "CZE"]
[BlackTeamCountry "CZE"]

1. d4 e6 2. c4 d5 3. Nc3 Nf6 4. Bg5 Be7 5. Nf3 0-0 6. e3 b6 7. cxd5 Nxd5 8. Nxd5 exd5 9. Bxe7 Qxe7 10. Qc2 c5 11. Bd3 g6 12. 0-0 c4 13. Be2 Nc6 14. Qc3 Re8 15. Nd2 b5 16. Bf3 b4 17. Qc1 Qd6 18. a3 Bf5 19. axb4 Bd3 20. Re1 Nxb4 21. Qc3 a5 22. b3 Bc2 23. Rec1 cxb3 24. Nxb3 Rec8 1/2-1/2